Normal view
MARC view
- شعرغزل عربي - تاريخ ونقد - شعر جاهلي
Entry Topical Term
001 - CONTROL NUMBER
- control field: 24222
003 - CONTROL NUMBER IDENTIFIER
- control field: JO-AjAnu
005 - DATE AND TIME OF LATEST TRANSACTION
- control field: 20230606074144.0
008 - FIXED-LENGTH DATA ELEMENTS
- fixed length control field: 230606|| aca||aabn | a|a d
040 ## - CATALOGING SOURCE
- Original cataloging agency: JO-AjAnu
- Transcribing agency: JO-AjAnu
150 ## - HEADING--TOPICAL TERM
- Topical term or geographic name entry element: شعرغزل عربي - تاريخ ونقد - شعر جاهلي
670 ## - SOURCE DATA FOUND
- Source citation: Work cat.: (JO-AjAnu)12454: تأليف القيسي،عودة الله منيع, author 24221, رائية إبن أبي ربيعة في حبيبته ـــ نعم ـــ : نقد وتحليل